Survey of English Housing provisional results (Record no. 104712)

MARC details
000 -LEADER
fixed length control field 01069cam a2200217 4500
001 - CONTROL NUMBER
control field ##L131318
008 - FIXED-LENGTH DATA ELEMENTS--GENERAL INFORMATION
fixed length control field 051019n2005 000 0 eng u
035 ## - SYSTEM CONTROL NUMBER
System control number (Sirsi) u131318
041 0# - LANGUAGE CODE
Language code of text/sound track or separate title eng
050 04 - LIBRARY OF CONGRESS CALL NUMBER
Classification number 306.1 $2 18
110 1# - MAIN ENTRY--CORPORATE NAME
Corporate name or jurisdiction name as entry element United Kingdom
Subordinate unit Office of the Deputy Prime Minister
245 00 - TITLE STATEMENT
Title Survey of English Housing provisional results
Remainder of title 2004/05
260 ## - PUBLICATION, DISTRIBUTION, ETC.
Place of publication, distribution, etc. London
Name of publisher, distributor, etc. ODPM
Date of publication, distribution, etc. 2005
490 #0 - SERIES STATEMENT
Series statement ODPM Housing Statistics Summary
Volume/sequential designation (25) October 2005
520 ## - SUMMARY, ETC.
Summary, etc. The Survey of English Housing (SEH) is a continuous household survey carried out for the ODPM by the National Centre for Social Research. The SEH provides important housing data on owner occupation and on the social and private rented sectors. This preview presents some of the key findings from the 2004/05 survey.
590 ## - LOCAL NOTE (RLIN)
Local note IKA251005
650 24 - SUBJECT ADDED ENTRY--TOPICAL TERM
Topical term or geographic name entry element SURVEY OF ENGLISH HOUSING
690 ## - LOCAL SUBJECT ADDED ENTRY--TOPICAL TERM (OCLC, RLIN)
Topical term or geographic name as entry element PROPERTY-RESIDENTIAL PROPERTY
856 40 - ELECTRONIC LOCATION AND ACCESS
Uniform Resource Identifier <a href="https://www.communities.gov.uk/documents/housing/pdf/141542.pdf">https://www.communities.gov.uk/documents/housing/pdf/141542.pdf</a>
Public note View the provisional SEH results free of charge at www.dclg.gov.uk...
942 ## - ADDED ENTRY ELEMENTS (KOHA)
Suppress in OPAC 0
Holdings
Withdrawn status Lost status Source of classification or shelving scheme Damaged status Not for loan Home library Current library Shelving location Date acquired Total Checkouts Full call number Barcode Date last seen Copy number Price effective from Koha item type
    Dewey Decimal Classification     Virtual Virtual Online 19/10/2005   ONLINE PUBLICATION 131318-2001 06/08/2019 1 06/08/2019 Journal article